| 000 | 00652cam a2200181ua 4500 | ||
|---|---|---|---|
| 020 | _c.50 | ||
| 041 |
_ahin _h |
||
| 082 |
_a891.54 _bDAK/IT |
||
| 110 | 1 |
_aDakshin bharath hindi pracharak saba . _b _c() |
|
| 245 | _aItihasik kahaniyam | ||
| 250 |
_a1 / _b. |
||
| 260 |
_aChennai : _bDakshin Bharat Hindi Prachar Sabha , _c1961. |
||
| 300 | _a93 ; . | ||
| 365 | _a.50 | ||
| 504 | _a | ||
| 942 | _cBK | ||
| 999 |
_c11617 _d11617 |
||